Cliche Quotes Quiz #1 - Statistics

General Stats
  • This quiz has been taken 47,401 times
  • The average score is 17 of 24
Answer Stats
Quote % Correct
An apple a day keeps the {doctor} away
98%
Think outside the {box}
98%
You can't teach an old dog new {tricks}
94%
All is fair in love and {war}
92%
{Blood} is thicker than water
90%
{Slow} and steady wins the race
90%
A watched pot never {boils}
88%
The way to a man's heart is through his {stomach}
83%
The best things in life are {free}
82%
Even a broken {clock} is right twice a day
81%
Loose lips sink {ships}
74%
If you can't stand the heat, stay out of the {kitchen}
72%
The road to hell is paved with good {intentions}
72%
Don't {sweat} the small stuff
71%
{Beauty} is only skin deep
66%
{Money} makes the world go round
66%
There's more than one way to skin a {cat}
66%
All work and no play makes Jack a {dull} boy
65%
A rolling stone gathers no {moss}
64%
Still waters run {deep}
59%
{Absence} makes the heart grow fonder
58%
Possession is 9/10's of the {law}
54%
{Spare} the rod and spoil the child
46%
Better light a candle than {curse} the darkness
16%
No matching quizzes found
Score Distribution
Percent of People with Each Score
Percentile by Number Answered
Your Score History
You have not taken this quiz